Good news Bible with Deuterocanonicals (Record no. 4667)

MARC details
000 -LEADER
fixed length control field 00555nam a22001817a 4500
003 - CONTROL NUMBER IDENTIFIER
control field OSt
005 - DATE AND TIME OF LATEST TRANSACTION
control field 20251024010506.0
008 - FIXED-LENGTH DATA ELEMENTS--GENERAL INFORMATION
fixed length control field 251007b |||||||| |||| 00| 0 eng d
020 ## - INTERNATIONAL STANDARD BOOK NUMBER
International Standard Book Number 978-971-29-0921-4.
040 ## - CATALOGING SOURCE
Original cataloging agency DWCL-Main lib
Transcribing agency OC
082 ## - DEWEY DECIMAL CLASSIFICATION NUMBER
Classification number Fil. 220 G646 1992
245 ## - TITLE STATEMENT
Title Good news Bible with Deuterocanonicals
260 ## - PUBLICATION, DISTRIBUTION, ETC.
Place of publication, distribution, etc. Manila :
Name of publisher, distributor, etc. Philippine Bible Society,
Date of publication, distribution, etc. c1992.
300 ## - PHYSICAL DESCRIPTION
Extent (various pagings) :
Other physical details illustration ;
Dimensions 17 cm.
504 ## - BIBLIOGRAPHY, ETC. NOTE
Bibliography, etc. note Includes indexes.
650 ## - SUBJECT ADDED ENTRY--TOPICAL TERM
Source of heading or term 1. Bible.
942 ## - ADDED ENTRY ELEMENTS (KOHA)
Source of classification or shelving scheme Dewey Decimal Classification
Koha item type Book-Filipiniana
Edition Today's English Version
Call number prefix Fil.
Suppress in OPAC No
952 ## - LOCATION AND ITEM INFORMATION (KOHA)
--
952 ## - LOCATION AND ITEM INFORMATION (KOHA)
--
952 ## - LOCATION AND ITEM INFORMATION (KOHA)
--
952 ## - LOCATION AND ITEM INFORMATION (KOHA)
--
Holdings
Withdrawn status Lost status Source of classification or shelving scheme Damaged status Not for loan Home library Current library Shelving location Date acquired Source of acquisition Cost, normal purchase price Total Checkouts Full call number Barcode Date last seen Copy number Price effective from Koha item type Uniform Resource Identifier
    Dewey Decimal Classification     College Library College Library Filipiniana 03/10/2009 School Fund 320.00   Fil. 220 G646 1992 46503 10/07/2025 c4 10/07/2025 BK - FIL
    Dewey Decimal Classification     College Library College Library Filipiniana 03/10/2009 School Fund 320.00   Fil. 220 G646 1992 46502 10/07/2025 c3 10/07/2025 BK - FIL
    Dewey Decimal Classification     College Library College Library Filipiniana 03/10/2009 School Fund 320.00   Fil. 220 G646 1992 46501 10/07/2025 c2 10/07/2025 BK - FIL
    Dewey Decimal Classification     College Library College Library Filipiniana 03/10/2009 School Fund 320.00   Fil. 220 G646 1992 46499 10/07/2025 c1 10/07/2025 BK - FIL